Normal view
MARC view
Entry Personal Name
001 - CONTROL NUMBER
- control field: 15840
003 - CONTROL NUMBER IDENTIFIER
- control field: BD-RjUL
005 - DATE AND TIME OF LATEST TRANSACTION
- control field: 20250628145349.0
008 - FIXED-LENGTH DATA ELEMENTS
- fixed length control field: 250628|| aca||aabn | a|a d
040 ## - CATALOGING SOURCE
- Original cataloging agency: BD-RjUL
- Transcribing agency: BD-RjUL
100 ## - HEADING--PERSONAL NAME
- Personal name: FitzGerald, Edward,
- Dates associated with a name: 1809-1883
- General subdivision: Correspondence
670 ## - SOURCE DATA FOUND
- Source citation: Work cat.: (BD-RjUL)85085: FitzGerald, Edward, 1809-1883. 15839, More letters of Edward FitzGerald./, 1901.